000 02607nam a2200313 a 4500
001 ASIN0312611692
005 20170105102909.0
008 131025s2011 xxu eng d
020 _a0312611692 (paperback)
_c$23.00
020 _a9780312611699 (paperback)
028 4 2 _aBK23219
_bPicador
040 _a0
050 0 4 _aCB251
082 0 4 _a909.09821
100 1 _aMorris, Ian.
245 1 0 _aWhy the west rules--for now :
_bthe patterns of history, and what they reveal about the future /
_cIan Morris.
250 _aReprint ed.
260 _a[S.l.] :
_bPicador,
_c2011.
300 _a768 p. ;
_c21 cm.
520 _aA New York Times Notable Book for 2011 Sometime around 1750, English entrepreneurs unleashed the astounding energies of steam and coal, and the world was forever changed. The emergence of factories, railroads, and gunboats propelled the West’s rise to power in the nineteenth century, and the development of computers and nuclear weapons in the twentieth century secured its global supremacy. Now, at the beginning of the twenty-first century, many worry that the emerging economic power of China and India spells the end of the West as a superpower. In order to understand this possibility, we need to look back in time. Why has the West dominated the globe for the past two hundred years, and will its power last? Describing the patterns of human history, the archaeologist and historian Ian Morris offers surprising new answers to both questions. It is not, he reveals, differences of race or culture, or even the strivings of great individuals, that explain Western dominance. It is the effects of geography on the everyday efforts of ordinary people as they deal with crises of resources, disease, migration, and climate. As geography and human ingenuity continue to interact, the world will change in astonishing ways, transforming Western rule in the process. Deeply researched and brilliantly argued, Why the West Rules—for Now spans fifty thousand years of history and offers fresh insights on nearly every page. The book brings together the latest findings across disciplines—from ancient history to neuroscience—not only to explain why the West came to rule the world but also to predict what the future will bring in the next hundred years.
650 0 _aCivilization
650 0 _aCivilization, Modern
650 0 _aCivilization, Western
650 0 _aComparative civilization
650 0 _aEast and West
650 0 _aWorld history
856 4 0 _3Amazon.com
_uhttp://www.amazon.com/exec/obidos/ASIN/0312611692/chopaconline-20
942 _2ddc
_cBK
999 _c15043
_d15043